000 00924cab a2200277 4500
001 WB3346-10
008 090401t1997 xxu||||| |||| 00| 0 eng d
035 _a(Sirsi) u82355
041 _aeng
245 _aManufacturers` property assets
260 _c1997
350 _a0
490 _aRICS Press Release
_vpr125.com, 21 November 1997, (5)
520 _aA new research report "Room for Growth" advises manufacturers to develop property planning strategies and make more use of their property assets. Includes an executive summary with recommendations.
650 _aBENCHMARKING
650 _aINDUSTRIAL PROPERTY
650 _aMANUFACTURERS
650 _aMANUFACTURING SECTOR
650 _aNON-EXECUTIVE DIRECTORS
650 _aPLANNING STRATEGY
650 _aPROPERTY ASSETS
650 _aSTRATEGIC PROPERTY MANAGEMENT
690 _aPROPERTY-COMMERCIAL PROPERTY
942 _n0
948 _c26/11/1997
999 _c51979
_d51979